Biblioteka Instytutu Północnego w Olsztynie

Sądownictwo niemieckie i jego rola w polityce okupacyjnej na ziemiach polskich wcielonych do Rzeszy 1939-1945 / (Rekord nr 27748)

Szczegóły MARC
000 -Nagłówek
fixed length control field 02615cam a2200565 i 4500
001 - Nr kontrolny bibl., która utworzyła rek.
control field xx004985978
003 - Siglum bibl., której nr kontr. jest w 001
control field NUKAT
005 - Data i czas ostatniej operacji
control field 20260424130044.0
008 - Elementy pola stałej długości
fixed length control field 201102s2020 pl a |001 0 pol c
020 ## - ISBN
ISBN 9788380981997
dopowiedzenie (oprawa twarda) :
warunki dostępności zł 40,00
035 ## - Systemowy numer kontrolny
systemowy numer kontrolny (OCoLC)1225231509
035 ## - Systemowy numer kontrolny
systemowy numer kontrolny (NUKAT)xx004985978
040 ## - Instytucja sporządzająca opis
Instytucja, która sporządziła opis KAT U/MP
język katalgowania-trzyzn. kod pol
zasady opisu rda
Instytucja, która sporządziła rekord KAT U/MPs
Instytucja, która zmodyfikowała rekord KAT U/MP
-- WR O/GW
-- WA 14/ABs
-- OLSZT 008/bak
041 1# - Kod nazwy języka dokumentu
Język tekstu pol
Language code of original ger
045 2# - Okres czasu dla zawartości
czas między r. 9999 pne a nasz. czas. d1939
-- d1945
046 ## - Kod rodz. daty, data1, data2 (daty pne)
Begin/single date 2014
100 1# - Hasło główne-nazwa osobowa
Nazwa osobowa Becker, Maximilian
Daty biograficzne (1980- ).
rodzaj współpracy Autor
9 (RLIN) 40476
240 10 - Tytuł ujednolicony
tytuł ujednolicony Mitstreiter im Volkstumskampf
język tekstu (pol.)
245 10 - Tytuł właściwy i oznaczenie odpow.
tytuł Sądownictwo niemieckie i jego rola w polityce okupacyjnej na ziemiach polskich wcielonych do Rzeszy 1939-1945 /
dod. inf. ze s. tyt./ozn. odpow. Maximilian Becker ; tłumaczenie Wieńczysław Niemirowski ; Instytut Pamięci Narodowej. Komisja Ścigania Zbrodni przeciwko Narodowi Polskiemu.
260 ## - Adres wydawniczy
miejsce wydania, dystrybucji itp. Warszawa :
nazwa wydawcy, dystrybutora itp. Instytut Pamięci Narodowej. Komisja Ścigania Zbrodni przeciwko Narodowi Polskiemu,
data wydania, dystrybucji itp. 2020.
300 ## - Opis fizyczny
objętość i/lub forma materiału 382, [1] strona :
inne szczegóły opisu fizycznego ilustracje ;
format 25 cm.
336 ## - Content Type
Term Tekst
Code txt
Source rdacontent
337 ## - Media Type
Term Bez urządzenia pośredniczącego
Code n
Source rdamedia
338 ## - Carrier Type
Term Wolumin
Code nc
Source rdacarrier
380 ## - Form of work
Form of work Książki
380 ## - Form of work
Form of work Publikacje naukowe
388 1# - TIME PERIOD OF CREATION
Time period of creation term 2001-
490 1# - Tytuł serii i ks. wielotom.-nie do wysz.
oznaczenie serii Centalny Projekt Badawczy IPN Losy Polski i jej Obywateli w Latach II Wojny Światowej
500 ## - Uwaga ogólna
uwaga ogólna Tytuł oryginału: Mitstreiter im Volkstumskampf :Deutsche Justiz in den eingegliederten Ostgebieten 1939-1945.
504 ## - Uwaga o bibliografii
uwaga o bibliografii Bibliografia na stronach 339-374. Indeks.
648 #7 - SUBJECT ADDED ENTRY--CHRONOLOGICAL TERM
Chronological term 1901-2000
Source of heading or term DBN
9 (RLIN) 34996
648 #7 - SUBJECT ADDED ENTRY--CHRONOLOGICAL TERM
Chronological term 1939-1945
Source of heading or term DBN
9 (RLIN) 36042
650 #7 - Hasło przedmiotowe-nazwa pospolita
nazwa pospolita lub geogr. Okupacja niemiecka Polski (1939-1945)
źródło hasła DBN
9 (RLIN) 36756
650 #7 - Hasło przedmiotowe-nazwa pospolita
nazwa pospolita lub geogr. Prześladowanie
źródło hasła DBN
9 (RLIN) 37303
650 #7 - Hasło przedmiotowe-nazwa pospolita
nazwa pospolita lub geogr. Sądownictwo
źródło hasła DBN
9 (RLIN) 36270
650 #7 - Hasło przedmiotowe-nazwa pospolita
nazwa pospolita lub geogr. Trzecia Rzesza (1933-1945)
źródło hasła DBN
9 (RLIN) 40162
650 #7 - Hasło przedmiotowe-nazwa pospolita
nazwa pospolita lub geogr. Wymiar sprawiedliwości
określnik geograficzny Polska
określnik chronologiczny 1900-1945.
źródło hasła kaba
9 (RLIN) 40477
650 #7 - Hasło przedmiotowe-nazwa pospolita
nazwa pospolita lub geogr. Nazizm i sprawiedliwość
określnik geograficzny Polska.
źródło hasła kaba
9 (RLIN) 40478
651 #7 - Hasło przedmiotowe-nazwa geogr.
nazwa geograficzna Niemcy
źródło hasła DBN
9 (RLIN) 35243
651 #7 - Hasło przedmiotowe-nazwa geogr.
nazwa geograficzna Polska
źródło hasła DBN
9 (RLIN) 35076
651 #7 - Hasło przedmiotowe-nazwa geogr.
nazwa geograficzna Polska
określnik chronologiczny 1939-1945 (Okupacja niemiecka i sowiecka).
źródło hasła kaba
9 (RLIN) 13202
655 #7 - Termin określający rodzaj/formę
rodzaj/forma Monografia
źródło terminu DBN
9 (RLIN) 35240
658 ## - Nazwa określająca cel programu nauczania
główny cel programu nauczania Historia
658 ## - Nazwa określająca cel programu nauczania
główny cel programu nauczania Prawo i wymiar sprawiedliwości
700 1# - Hasło dodatkowe - nazwa osobowa
nazwa osobowa Niemirowski, Wieńczysław A.
rodzaj współpracy Tłumaczenie
9 (RLIN) 40475
710 2# - Hasło dodatkowe - nazwa ciała zbior.
nazwa ciała zbior. lub nazwa geogr. Instytut Pamięci Narodowej - Komisja Ścigania Zbrodni przeciwko Narodowi Polskiemu.
rodzaj współpracy Instytucja sprawcza
-- Wydawca
kod rodzaju współpracy pbl
9 (RLIN) 11792
830 #0 - Hasło dod. serii i op. ks. wielotom. -tyt
tytuł Losy Polski i jej Obywateli w Latach II Wojny Światowej
9 (RLIN) 39936
920 ## - ISBN
ISBN 978-83-8098-199-7 (oprawa twarda) : zł 40,00
942 ## - ADDED ENTRY ELEMENTS (KOHA)
Source of classification or shelving scheme Dewey Decimal Classification
Koha item type pozycje dostępne na miejscu
Egzemplarze
Status wycofania Status zagubienia Klasyfikacja Status uszkodzenia Blokada wypożyczeń Kolekcja Lokalizacja macierzysta Lokalizacja bieżąca Data nabycia Numer akcesji Źródło akcesji Cena Nr inwentarzowy il. wypożyczeń Sygnatura Kod kreskowy Date last seen Price effective from Typ egz.
    Dewey Decimal Classification nieuszkodzona   książka w magazynie Biblioteka Instytutu Północnego w Olsztynie Biblioteka Instytutu Północnego w Olsztynie 30/11/2020 D-36/2020 dar 40.00 59932   59932 IPWK21637 24/04/2026 24/04/2026 pozycje dostępne na miejscu
Biblioteka Instytutu Północnego, ul. Partyzantów 87, 10-402 Olsztyn, email: biblioteka(at)ip.olsztyn.pl